000 00744nam a22002538a 4500
008
020 _a0133879941 (pbk.)
049 _aMAIN
090 _aQC320
_bTAI
100 1 _aTaine, Jean.
245 1 0 _aHeat transfer /
_cJean Taine and Jean-Pierre Petit.
260 _aNew York :
_bPrentice Hall,
_c1993.
300 _axiii, 584 p. :
_bill. ;
_c24 cm.
500 _aTranslation of: Transferts thermiques.
504 _aIncludes bibliographical references.
500 _aIncludes index.
650 0 _aHeat
_xTransmission.
700 1 _aPetit, Jean-Pierre.
907 _a.b10169556
_b28-05-13
_c28-07-05
003
005 20230123134109.0
040 _cNUST
942 _cBOOKS
_kQC320
_mTAI
999 _c159993
_d159993